000 00299nam a22001337a 4500
008 181011b xxu||||| |||| 00| 0 eng d
020 _a0123915015
041 _aeng
080 _22nd
_a616
100 _a9
101 _aPAT
245 _aPathology of Domestic Animals
_cJubb,K.V
942 _2udc
_cBK
999 _c49381
_d49381